5HLuxD.jpg

KING HENRY VIII SENIOR AND PRIMARY SCHOOL LIBRARY OPAC

Slime world / (Record no. 3104)

000 -LEADER
fixed length control field 00803nam a22002177a 4500
005 - DATE AND TIME OF LATEST TRANSACTION
control field 20231009103359.0
008 - FIXED-LENGTH DATA ELEMENTS--GENERAL INFORMATION
fixed length control field 231009b ||||| |||| 00| 0 eng d
020 ## - INTERNATIONAL STANDARD BOOK NUMBER
International Standard Book Number 9781407118611
040 ## - CATALOGING SOURCE
Transcribing agency KH8
082 ## - DEWEY DECIMAL CLASSIFICATION NUMBER
Classification number 741.5 COL
100 ## - MAIN ENTRY--PERSONAL NAME
Personal name Collins, Paul
Dates associated with a name 1954-
Relator term Author
245 ## - TITLE STATEMENT
Title Slime world /
Statement of responsibility, etc. Paul Collins
260 ## - PUBLICATION, DISTRIBUTION, ETC.
Place of publication, distribution, etc. London,
Name of publisher, distributor, etc. Scholastic,
Date of publication, distribution, etc. 2010
300 ## - PHYSICAL DESCRIPTION
Extent 1 volume :
Other physical details chiefly color illustrations.
440 ## - SERIES STATEMENT/ADDED ENTRY--TITLE
Title Out of this world
500 ## - GENERAL NOTE
General note <br/>Science fiction comic books, strips, etc
520 ## - SUMMARY, ETC.
Summary, etc. Perry and Farsool are Mardi's friends. So who else can save her from the no-good prince of Pliskor? Turns out Pliskor is a dangerous place. And very, very slimy.
650 ## - SUBJECT ADDED ENTRY--TOPICAL TERM
Source of heading or term Children's stories Comic books, strips, etc
650 ## - SUBJECT ADDED ENTRY--TOPICAL TERM
Topical term or geographic name entry element Science fiction comics
942 ## - ADDED ENTRY ELEMENTS (KOHA)
Source of classification or shelving scheme
Koha item type Books - Fiction
Holdings
Withdrawn status Lost status Source of classification or shelving scheme Damaged status Not for loan Collection code Permanent Location Current Location Shelving location Date acquired Total Checkouts Full call number Barcode Date last seen Date last checked out Price effective from Koha item type
          Fiction KH8 Primary School Library KH8 Primary School Library Non Fiction 2023-10-09 9 741.5 COL KHPL000004314 2025-12-05 2025-02-17 2023-10-09 Books - Fiction

Powered By KH8 IT Dept